[Event "4NCL Division 3 North"]
[Site "Doncaster, ENG"]
[Date "2019.03.16"]
[Round "7.12"]
[White "Richardson, Alex"]
[Black "Dunworth, Christopher N"]
[Result "1/2-1/2"]
[WhiteElo "2128"]
[BlackElo "2244"]
[PlyCount "28"]
[EventDate "2019.03.16"]
[WhiteTeam "Cheddleton 2"]
[BlackTeam "White Rose 2"]

1. d4 g6 2. c4 Bg7 3. Nc3 c5 4. d5 Bxc3+ 5. bxc3 f5 6. Nf3 d6 7. e3 Nf6 8. Bd3
Qa5 9. Qc2 Nbd7 10. O-O Ne5 11. Re1 Bd7 12. a4 O-O 13. Nd2 Qc7 14. Bf1 Rab8
1/2-1/2

[Event "4NCL Division 3 North"]
[Site "Doncaster, ENG"]
[Date "2019.03.16"]
[Round "7.13"]
[White "Gayson, Peter M"]
[Black "Acey, Gerald"]
[Result "1/2-1/2"]
[WhiteElo "2125"]
[BlackElo "2094"]
[PlyCount "68"]
[EventDate "2019.03.16"]
[WhiteTeam "White Rose 2"]
[BlackTeam "Cheddleton 2"]

1. e4 e5 2. Nf3 Nc6 3. d4 exd4 4. Bc4 Nf6 5. O-O Nxe4 6. Re1 d5 7. Bxd5 Qxd5 8.
Nc3 Qa5 9. Nxe4 Be6 10. Bd2 Qb5 11. Bg5 h6 12. Bh4 Bc5 13. a4 Qc4 14. b3 Qd5
15. Bf6 O-O 16. Nxc5 Qxc5 17. Bxd4 Nxd4 18. Nxd4 Rad8 19. Nxe6 fxe6 20. Qe2 Rd6
21. Rad1 Rfd8 22. Rxd6 Rxd6 23. g3 a5 24. Rd1 Rxd1+ 25. Qxd1 Qd5 26. Qg4 c6 27.
h4 b5 28. Kh2 bxa4 29. bxa4 c5 30. c4 Qd7 31. Qe4 Kf7 32. Qf3+ Ke7 33. Qb3 Qd4
34. Kg2 Qe4+ 1/2-1/2

[Event "4NCL Division 3 North"]
[Site "Doncaster, ENG"]
[Date "2019.03.16"]
[Round "7.14"]
[White "Edwards, Simon R"]
[Black "Shaw, Peter"]
[Result "0-1"]
[WhiteElo "1979"]
[BlackElo "2085"]
[PlyCount "78"]
[EventDate "2019.03.16"]
[WhiteTeam "Cheddleton 2"]
[BlackTeam "White Rose 2"]

1. c4 f5 2. g3 Nf6 3. Bg2 e6 4. Nc3 Be7 5. e3 O-O 6. Nge2 c6 7. d4 d6 8. O-O
Na6 9. b3 Bd7 10. e4 e5 11. dxe5 dxe5 12. Bg5 Nxe4 13. Nxe4 fxe4 14. Bxe7 Qxe7
15. Nc3 e3 16. f3 Bf5 17. Qe2 Rad8 18. Qxe3 Rd3 19. Qe1 Nb4 20. Rc1 Qc5+ 21.
Kh1 Rfd8 22. a3 Na6 23. b4 Qd4 24. Rd1 Nc7 25. a4 Ne6 26. Rc1 Re3 27. Ne2 Qb2
28. Rf2 Rd2 29. Bf1 Nd4 30. Rd1 Rc2 31. Rb1 Qa2 32. Ra1 Qb2 33. Rb1 Rcxe2 34.
Rxe2 Rxe2 35. Rxb2 Rxe1 36. Kg2 Bh3+ 37. Kxh3 Rxf1 38. Kg4 Rxf3 39. b5 c5 0-1

[Event "4NCL Division 3 North"]
[Site "Doncaster, ENG"]
[Date "2019.03.16"]
[Round "7.15"]
[White "Chan, Sheng Liang Bernard"]
[Black "Floresc, Petru"]
[Result "1-0"]
[WhiteElo "2125"]
[BlackElo "1967"]
[PlyCount "67"]
[EventDate "2019.03.16"]
[WhiteTeam "White Rose 2"]
[BlackTeam "Cheddleton 2"]

1. d4 Nf6 2. Nf3 c5 3. c3 b6 4. Bf4 Bb7 5. e3 g6 6. Nbd2 Bg7 7. h3 O-O 8. Bh2
d6 9. a4 Nbd7 10. a5 bxa5 11. Be2 Bc6 12. O-O a4 13. Qc2 Rc8 14. e4 Nb6 15. Ba6
Ra8 16. dxc5 dxc5 17. Ne5 Qe8 18. c4 Rd8 19. Rfd1 Rxd2 20. Rxd2 Bxe4 21. Qd1
Ba8 22. f3 Nh5 23. Kh1 f6 24. Nd7 Nxd7 25. Rxd7 e5 26. Bb5 Qe6 27. Rxa4 e4 28.
Rdxa7 exf3 29. Rxa8 fxg2+ 30. Kxg2 Qe4+ 31. Qf3 Qc2+ 32. Kh1 Qc1+ 33. Bg1 Rxa8
34. Qd5+ 1-0

[Event "4NCL Division 3 North"]
[Site "Doncaster, ENG"]
[Date "2019.03.16"]
[Round "7.16"]
[White "Taylor, John Paul"]
[Black "Burnett, Jim"]
[Result "0-1"]
[WhiteElo "1821"]
[BlackElo "2117"]
[PlyCount "74"]
[EventDate "2019.03.16"]
[WhiteTeam "Cheddleton 2"]
[BlackTeam "White Rose 2"]

1. e4 e6 2. d4 d5 3. Nc3 Bb4 4. e5 c5 5. a3 Bxc3+ 6. bxc3 Ne7 7. Qg4 Qc7 8.
Qxg7 Rg8 9. Qxh7 cxd4 10. Ne2 dxc3 11. f4 Nbc6 12. Qd3 Bd7 13. Rb1 O-O-O 14.
Nxc3 Na5 15. Rg1 Nf5 16. g4 Qc5 17. Ne2 Nc4 18. Rg2 Nfe3 19. g5 Nxg2+ 20. Bxg2
Bb5 21. Rb3 Kb8 22. Nd4 Ba6 23. Rc3 Rc8 24. Ne2 Qb6 25. Qd4 Qb1 26. Kf2 Nb6 27.
Be3 Rxc3 28. Nxc3 Qxc2+ 29. Kg3 Rc8 30. Nd1 Rc4 31. Qb2 Qxd1 32. Bxb6 axb6 33.
Qxb6 Qd3+ 34. Bf3 Rc3 35. Qf2 d4 36. h4 Bc4 37. h5 Bd5 0-1

[Event "4NCL Division 3 North"]
[Site "Doncaster, ENG"]
[Date "2019.03.16"]
[Round "7.21"]
[White "Scoular, Adam"]
[Black "Higgie, Charles L"]
[Result "1-0"]
[WhiteElo "1922"]
[BlackElo "2005"]
[PlyCount "47"]
[EventDate "2019.03.16"]
[WhiteTeam "Bolton & Worsley"]
[BlackTeam "Shropshire 1"]

1. e4 c5 2. Nf3 d6 3. c3 Nf6 4. Bc4 Bg4 5. e5 Bxf3 6. Qxf3 dxe5 7. Qxb7 Nbd7 8.
Na3 Qc8 9. Qb3 e6 10. O-O e4 11. d3 Be7 12. dxe4 Nxe4 13. Re1 Nef6 14. Bxe6
fxe6 15. Qxe6 Qd8 16. Bf4 Nf8 17. Qc6+ Kf7 18. Rad1 Rc8 19. Qa6 N6d7 20. Nc4 g5
21. Bg3 Kg7 22. Be5+ Bf6 23. Bxf6+ Qxf6 24. Qxc8 1-0

[Event "4NCL Division 3 North"]
[Site "Doncaster, ENG"]
[Date "2019.03.16"]
[Round "7.22"]
[White "Archer, Richard"]
[Black "Harman, George"]
[Result "1/2-1/2"]
[WhiteElo "1982"]
[BlackElo "1810"]
[PlyCount "42"]
[EventDate "2019.03.16"]
[WhiteTeam "Shropshire 1"]
[BlackTeam "Bolton & Worsley"]

1. d4 Nf6 2. Nf3 c5 3. d5 e6 4. c4 exd5 5. cxd5 d6 6. Nc3 g6 7. g3 Bg7 8. Bg2
O-O 9. O-O Bf5 10. Qb3 Qd7 11. Re1 Re8 12. Bf4 a6 13. a4 Ne4 14. Nh4 Nxc3 15.
bxc3 Be4 16. f3 Bxd5 17. Qxd5 Bxc3 18. Rad1 Bxe1 19. Rxe1 Nc6 20. Qxd6 Qxd6 21.
Bxd6 c4 1/2-1/2

[Event "4NCL Division 3 North"]
[Site "Doncaster, ENG"]
[Date "2019.03.16"]
[Round "7.23"]
[White "McElvenny, Damien"]
[Black "Bryant, Richard B E"]
[Result "0-1"]
[WhiteElo "1780"]
[BlackElo "1967"]
[PlyCount "74"]
[EventDate "2019.03.16"]
[WhiteTeam "Bolton & Worsley"]
[BlackTeam "Shropshire 1"]

1. d4 e6 2. Nf3 f5 3. Bf4 d6 4. e3 Nf6 5. c4 Be7 6. Nc3 O-O 7. Bd3 Nh5 8. Bg3
Qe8 9. Qc2 Nc6 10. a3 Nd8 11. O-O-O a6 12. Bh4 Bxh4 13. Nxh4 Qe7 14. Nf3 h6 15.
g3 g5 16. h3 b6 17. g4 Ng7 18. Nh2 c5 19. Rhe1 cxd4 20. exd4 Qf6 21. d5 e5 22.
f3 Nb7 23. Na4 Qd8 24. Nf1 Bd7 25. Nc3 Nc5 26. Nd2 Nxd3+ 27. Qxd3 Qc7 28. Kb1
Rfb8 29. Rc1 Qd8 30. Ka1 Qf6 31. Rf1 b5 32. cxb5 axb5 33. Ncb1 b4 34. Ka2 e4
35. fxe4 bxa3 36. Rc2 Rxb2+ 37. Ka1 Rxc2+ 0-1

[Event "4NCL Division 3 North"]
[Site "Doncaster, ENG"]
[Date "2019.03.16"]
[Round "7.24"]
[White "Gostelow, David W"]
[Black "Doherty, Paul"]
[Result "1-0"]
[WhiteElo "1922"]
[BlackElo "1787"]
[PlyCount "81"]
[EventDate "2019.03.16"]
[WhiteTeam "Shropshire 1"]
[BlackTeam "Bolton & Worsley"]

1. d4 e6 2. Bf4 f5 3. Nf3 Nf6 4. e3 Be7 5. c4 d6 6. Nc3 O-O 7. Bd3 Qe8 8. O-O
Nc6 9. d5 Nd8 10. Nb5 Qd7 11. dxe6 Nxe6 12. Bxf5 Bd8 13. Qc2 g6 14. Bh3 Qf7 15.
Bh6 Re8 16. Rad1 a6 17. Nc3 Nc5 18. Bxc8 Rxc8 19. b3 Ne6 20. Ng5 Nxg5 21. Bxg5
Re7 22. Bf4 Re6 23. h3 Nh5 24. Bh2 Bf6 25. Ne4 Be7 26. Rd4 Ng7 27. Rfd1 Nf5 28.
R4d2 b6 29. b4 Rd8 30. c5 Qf6 31. Qc4 d5 32. Rxd5 b5 33. Qb3 Rxd5 34. Qxd5 Qf7
35. Bxc7 Bh4 36. Bf4 Qe7 37. Bg5 Qf7 38. Bxh4 Rxe4 39. Qxe4 Qxa2 40. Qe8+ Kg7
41. Rd7+ 1-0

[Event "4NCL Division 3 North"]
[Site "Doncaster, ENG"]
[Date "2019.03.16"]
[Round "7.25"]
[White "Moan, Francis E"]
[Black "Sheard, Martin"]
[Result "1/2-1/2"]
[WhiteElo "1697"]
[BlackElo "1900"]
[PlyCount "79"]
[EventDate "2019.03.16"]
[WhiteTeam "Bolton & Worsley"]
[BlackTeam "Shropshire 1"]

1. d4 Nf6 2. c4 e6 3. Nc3 Bb4 4. Qc2 Nc6 5. Nf3 d6 6. Bg5 h6 7. Bh4 O-O 8. e3
e5 9. d5 Nb8 10. Be2 Qe7 11. O-O-O Bxc3 12. bxc3 Na6 13. Nd2 Nc5 14. f3 Bd7 15.
e4 Ba4 16. Nb3 Rfe8 17. g4 g5 18. Bf2 Nfd7 19. h4 Kg7 20. Kb2 a6 21. Qd2 f6 22.
Rh2 Rh8 23. Rdh1 b6 24. Bd1 Bxb3 25. axb3 Nf8 26. b4 Ncd7 27. h5 a5 28. Be2 Nh7
29. Ra1 axb4 30. cxb4 Rxa1 31. Kxa1 Ra8+ 32. Kb2 Qd8 33. Rh1 Qb8 34. Ra1 Rxa1
35. Kxa1 Qa7+ 36. Kb2 Kf7 37. Qc2 Nhf8 38. Qb3 Ke7 39. Qa3 Qxa3+ 40. Kxa3
1/2-1/2

[Event "4NCL Division 3 North"]
[Site "Doncaster, ENG"]
[Date "2019.03.16"]
[Round "7.26"]
[White "Hinchcliffe, Gary"]
[Black "Pelling, Kyle"]
[Result "1-0"]
[WhiteElo "1877"]
[BlackElo "1652"]
[PlyCount "91"]
[EventDate "2019.03.16"]
[WhiteTeam "Shropshire 1"]
[BlackTeam "Bolton & Worsley"]

1. d4 Nf6 2. Bg5 e6 3. Nf3 Be7 4. e3 b6 5. Bd3 Bb7 6. Nbd2 d5 7. c3 Nbd7 8. O-O
O-O 9. Qe2 h6 10. Bh4 c5 11. h3 Rc8 12. Rac1 Qc7 13. Bg3 Bd6 14. Bxd6 Qxd6 15.
e4 dxe4 16. Nxe4 Nxe4 17. Bxe4 Bxe4 18. Qxe4 Nf6 19. Qe2 Qe7 20. Rfd1 Rfd8 21.
Rc2 Rc7 22. Rcd2 Rdc8 23. Ne5 Nd5 24. dxc5 Rxc5 25. Ng4 Qg5 26. Ne3 Nxe3 27.
Qxe3 Qxe3 28. fxe3 Ra5 29. a3 Kf8 30. Rd7 Ke8 31. Rb7 Rd5 32. Rxd5 exd5 33.
Rxa7 Rc6 34. Kf2 Kf8 35. Rd7 Rc5 36. Ke2 g6 37. Kd3 Ke8 38. Rb7 Rc6 39. Kd4 Rd6
40. b4 Kf8 41. a4 Kg7 42. a5 bxa5 43. bxa5 Kf6 44. Rb6 Ke7 45. Rxd6 Kxd6 46. a6
1-0

[Event "4NCL Division 3 North"]
[Site "Doncaster, ENG"]
[Date "2019.03.16"]
[Round "7.31"]
[White "Roberts, Paul"]
[Black "White, Mark W"]
[Result "1-0"]
[WhiteElo "2121"]
[BlackElo "2026"]
[PlyCount "71"]
[EventDate "2019.03.16"]
[WhiteTeam "Manchester Manticores 2"]
[BlackTeam "Jorvik"]

1. d4 d5 2. Nc3 Nf6 3. Bf4 c6 4. e3 Bf5 5. f3 e6 6. g4 Bg6 7. h4 h5 8. g5 Nfd7
9. Bd3 Bxd3 10. Qxd3 Qb6 11. Nge2 Na6 12. Rb1 Nb4 13. Qd2 c5 14. a3 Nc6 15.
dxc5 Bxc5 16. Na4 Qd8 17. Nxc5 Nxc5 18. Qc3 Qe7 19. Qxg7 O-O-O 20. Nd4 Nd7 21.
Nxc6 bxc6 22. Qc3 c5 23. Be5 Nxe5 24. Qxe5 Qc7 25. Qxc7+ Kxc7 26. Ke2 Rb8 27.
b4 cxb4 28. Rxb4 Rxb4 29. axb4 Kb6 30. f4 Rc8 31. Kd3 a6 32. c3 Kc6 33. Rg1 Rg8
34. Kd4 Kd6 35. Ra1 Ra8 36. Ra5 1-0

[Event "4NCL Division 3 North"]
[Site "Doncaster, ENG"]
[Date "2019.03.16"]
[Round "7.32"]
[White "Hodge, Steve R"]
[Black "Lyth, John D"]
[Result "1/2-1/2"]
[WhiteElo "1987"]
[BlackElo "2042"]
[PlyCount "81"]
[EventDate "2019.03.16"]
[WhiteTeam "Jorvik"]
[BlackTeam "Manchester Manticores 2"]

1. e4 e5 2. Nf3 Nc6 3. Bb5 a6 4. Ba4 Nf6 5. Qe2 b5 6. Bb3 Bc5 7. d3 O-O 8. Bg5
Nd4 9. Nxd4 Bxd4 10. c3 Bb6 11. Nd2 d6 12. Nf1 Be6 13. Ne3 c6 14. Qf3 h6 15.
Bh4 g5 16. Bg3 Nd7 17. Nf5 Bxf5 18. Qxf5 Kg7 19. h4 f6 20. Bd1 Rh8 21. Bg4 Nf8
22. Rd1 c5 23. h5 Qe8 24. O-O Rd8 25. b3 Qd7 26. Qf3 Qb7 27. Bf5 Nd7 28. Qg4
Rhe8 29. f4 exf4 30. Bxf4 Ne5 31. Bxe5 dxe5 32. Kh1 Qe7 33. Bg6 Rf8 34. c4 b4
35. Rf3 Rd4 36. Bf5 Rd6 37. Bg6 Qd7 38. Bf5 Qe7 39. Bg6 Qd7 40. Bf5 Qe7 41. Bg6
1/2-1/2

[Event "4NCL Division 3 North"]
[Site "Doncaster, ENG"]
[Date "2019.03.16"]
[Round "7.33"]
[White "Hymer, Barry"]
[Black "Carpenter, James M"]
[Result "0-1"]
[WhiteElo "2042"]
[BlackElo "1960"]
[PlyCount "52"]
[EventDate "2019.03.16"]
[WhiteTeam "Manchester Manticores 2"]
[BlackTeam "Jorvik"]

1. Nf3 f5 2. d3 Nc6 3. e4 e5 4. Nc3 Nf6 5. Bg5 Bb4 6. Nd2 Bxc3 7. bxc3 d6 8.
Rb1 h6 9. Bxf6 Qxf6 10. exf5 Qxf5 11. Be2 O-O 12. O-O Rb8 13. Bf3 Be6 14. a4
Kh8 15. Be4 Qf6 16. c4 Bd7 17. Qh5 b6 18. Nf3 Nd4 19. Nxd4 exd4 20. f4 Bf5 21.
g4 Bxe4 22. dxe4 d3 23. e5 dxe5 24. fxe5 Qxf1+ 25. Rxf1 Rxf1+ 26. Kxf1 dxc2 0-1

[Event "4NCL Division 3 North"]
[Site "Doncaster, ENG"]
[Date "2019.03.16"]
[Round "7.34"]
[White "Cowan, Richard M"]
[Black "Reed, John"]
[Result "1-0"]
[WhiteElo "1908"]
[BlackElo "1990"]
[PlyCount "89"]
[EventDate "2019.03.16"]
[WhiteTeam "Jorvik"]
[BlackTeam "Manchester Manticores 2"]

1. e4 e5 2. Nf3 Nc6 3. Bb5 a6 4. Ba4 d6 5. c3 Bd7 6. O-O Nf6 7. Re1 g6 8. d4 b5
9. Bb3 Bg7 10. a4 O-O 11. axb5 axb5 12. Rxa8 Qxa8 13. Na3 Qb8 14. Qd3 Na5 15.
Ba2 c5 16. dxc5 dxc5 17. Bg5 c4 18. Qe3 Bc6 19. Bb1 Re8 20. h3 Qb7 21. Nd2 Nd7
22. Bh6 Bxh6 23. Qxh6 Nc5 24. Nf3 f6 25. Qe3 Nab3 26. Nd2 Nxd2 27. Qxd2 Qe7 28.
Rd1 Nb7 29. Qe2 Rd8 30. Rxd8+ Qxd8 31. Nxc4 Kg7 32. Ne3 Nc5 33. f3 Qb6 34. Kh2
Ne6 35. Qd2 Nf4 36. Ba2 Qb8 37. g3 Nh5 38. Be6 f5 39. exf5 Bxf3 40. fxg6 hxg6
41. Qd7+ Kh6 42. Bg4 Qb6 43. Qd2 e4 44. Bxf3 exf3 45. Nd5+ 1-0

[Event "4NCL Division 3 North"]
[Site "Doncaster, ENG"]
[Date "2019.03.16"]
[Round "7.36"]
[White "Anderson, Paul W"]
[Black "Hilton, Tim"]
[Result "0-1"]
[WhiteElo "1766"]
[BlackElo "1960"]
[PlyCount "34"]
[EventDate "2019.03.16"]
[WhiteTeam "Jorvik"]
[BlackTeam "Manchester Manticores 2"]

1. c4 c5 2. Nf3 g6 3. Nc3 Bg7 4. g3 Nc6 5. Bg2 e6 6. O-O Nge7 7. a3 O-O 8. Rb1
d5 9. cxd5 exd5 10. b4 d4 11. Na4 c4 12. b5 Na5 13. Bb2 Nb3 14. Ng5 Qa5 15.
Bxd4 Bxd4 16. Nb2 Bxb2 17. Rxb2 Qxa3 0-1

[Event "4NCL Division 3 North"]
[Site "Doncaster, ENG"]
[Date "2019.03.16"]
[Round "7.41"]
[White "Johnson, Paul A"]
[Black "Newell, David F"]
[Result "0-1"]
[WhiteElo "1820"]
[BlackElo "1847"]
[PlyCount "94"]
[EventDate "2019.03.16"]
[WhiteTeam "Bradford DCA Knights C"]
[BlackTeam "Manchester Manticores 4"]

1. d4 f5 2. Nf3 Nf6 3. g3 g6 4. c4 Bg7 5. Nc3 d6 6. Qc2 O-O 7. Bg2 Qe8 8. O-O
Na6 9. a3 c6 10. Re1 Qf7 11. b3 h6 12. h4 Bd7 13. e3 Nc7 14. Bb2 Rfe8 15. Rad1
Rab8 16. Nd2 e5 17. dxe5 dxe5 18. e4 f4 19. Nf3 Nh5 20. Ne2 Bg4 21. gxf4 Nxf4
22. Nxf4 Bxf3 23. Bxf3 Qxf4 24. Bg2 Qxh4 25. Re3 Ne6 26. Rh3 Qe7 27. Rg3 Nf4
28. Bf1 Rbd8 29. Rxd8 Rxd8 30. c5 Qd7 31. Bc4+ Kh7 32. Bc3 Qd1+ 33. Qxd1 Rxd1+
34. Kh2 Rc1 35. Bd2 Rc2 36. Be3 Bf6 37. Rg1 Bh4 38. Rf1 g5 39. Kg1 Nh3+ 40. Kg2
Nf4+ 41. Kg1 Kg6 42. Kh2 Kh5 43. Bf7+ Kg4 44. Rg1+ Kf3 45. Bc4 Bxf2 46. Bxf2
Rxf2+ 47. Kh1 g4 0-1

[Event "4NCL Division 3 North"]
[Site "Doncaster, ENG"]
[Date "2019.03.16"]
[Round "7.42"]
[White "Pardoe, David"]
[Black "Tait, Bill"]
[Result "1/2-1/2"]
[WhiteElo "1742"]
[BlackElo "1691"]
[PlyCount "59"]
[EventDate "2019.03.16"]
[WhiteTeam "Manchester Manticores 4"]
[BlackTeam "Bradford DCA Knights C"]

1. d4 d5 2. c4 c6 3. Nc3 Nf6 4. Bf4 Nbd7 5. e3 e6 6. Be2 Be7 7. Nf3 dxc4 8.
Bxc4 Nd5 9. Bg3 N7f6 10. a3 Nxc3 11. bxc3 Ne4 12. Qc2 Nxg3 13. hxg3 h6 14. a4
Bd7 15. g4 Bf6 16. e4 Rc8 17. Rd1 Qa5 18. Rh5 Qd8 19. g5 Bxg5 20. Nxg5 g6 21.
Nxf7 Kxf7 22. Rh3 Qe7 23. e5 Rcf8 24. Bd3 g5 25. Qe2 Kg7 26. Qe4 Be8 27. g3 Qf7
28. Rh2 Qf3 29. Rb1 Qxe4+ 30. Bxe4 1/2-1/2

[Event "4NCL Division 3 North"]
[Site "Doncaster, ENG"]
[Date "2019.03.16"]
[Round "7.43"]
[White "Winter, Kevin"]
[Black "Norris, Michael J"]
[Result "1/2-1/2"]
[WhiteElo "1740"]
[BlackElo "1815"]
[PlyCount "39"]
[EventDate "2019.03.16"]
[WhiteTeam "Bradford DCA Knights C"]
[BlackTeam "Manchester Manticores 4"]

1. e4 e5 2. Nf3 Nf6 3. Nxe5 d6 4. Nxf7 Kxf7 5. d4 Qe7 6. Nc3 c6 7. Bd3 g6 8.
O-O Bg7 9. h3 Rf8 10. e5 dxe5 11. dxe5 Ne8 12. f4 Kg8 13. Be3 Be6 14. Ne4 Nd7
15. Qe1 Nxe5 16. fxe5 Rxf1+ 17. Qxf1 Bxe5 18. Bc5 Qg7 19. Qf2 b6 20. Be3
1/2-1/2

[Event "4NCL Division 3 North"]
[Site "Doncaster, ENG"]
[Date "2019.03.16"]
[Round "7.44"]
[White "Jayawarna, Tarini"]
[Black "Braham, Peter"]
[Result "0-1"]
[WhiteElo "1570"]
[BlackElo "1704"]
[PlyCount "86"]
[EventDate "2019.03.16"]
[WhiteTeam "Manchester Manticores 4"]
[BlackTeam "Bradford DCA Knights C"]

1. e4 d6 2. d4 Nf6 3. Nc3 g6 4. f4 Bg7 5. Nf3 c5 6. dxc5 Qa5 7. Bd2 Qxc5 8. Bd3
Bd7 9. Qe2 O-O 10. h3 Nh5 11. Qf2 Qxf2+ 12. Kxf2 Nc6 13. g4 Nf6 14. Nd5 Rfd8
15. Nxf6+ Bxf6 16. g5 Bg7 17. h4 Bg4 18. Nh2 Bh5 19. Be2 Bxb2 20. Rab1 Bd4+ 21.
Be3 Bxe3+ 22. Kxe3 Bxe2 23. Kxe2 b6 24. Ng4 Rac8 25. Kd3 Kg7 26. h5 f6 27.
gxf6+ exf6 28. hxg6 hxg6 29. f5 Ne5+ 30. Nxe5 dxe5+ 31. Ke3 Rc3+ 32. Ke2 Rxc2+
33. Ke3 Rdc8 34. Rb3 g5 35. Rd3 R8c3 36. Rxc3 Rxc3+ 37. Kd2 Ra3 38. Ra1 g4 39.
Ke2 Kh6 40. Kf2 Kg5 41. Re1 Kf4 42. Kg1 Rxa2 43. Rf1+ Kxe4 0-1

[Event "4NCL Division 3 North"]
[Site "Doncaster, ENG"]
[Date "2019.03.16"]
[Round "7.45"]
[White "Clarke, Paul Rh"]
[Black "Wilson, Jeff"]
[Result "1-0"]
[WhiteElo "1697"]
[BlackElo "1427"]
[PlyCount "45"]
[EventDate "2019.03.16"]
[WhiteTeam "Bradford DCA Knights C"]
[BlackTeam "Manchester Manticores 4"]

1. d4 d5 2. Bf4 e6 3. e3 Nf6 4. Nf3 b6 5. Bd3 Nbd7 6. Nbd2 Bb7 7. O-O c5 8. c3
Ne4 9. Bb5 Nxd2 10. Qxd2 a6 11. Bd3 cxd4 12. exd4 b5 13. a4 bxa4 14. Rxa4 Nb6
15. Ra2 Bd6 16. Bxd6 Qxd6 17. Rfa1 Nd7 18. Qe2 Nb8 19. Ne5 Ke7 20. Qh5 g6 21.
Qh4+ Ke8 22. Qf6 Qf8 23. Bb5+ 1-0

[Event "4NCL Division 3 North"]
[Site "Doncaster, ENG"]
[Date "2019.03.16"]
[Round "7.51"]
[White "Tyton, Adam"]
[Black "Hall, John"]
[Result "1-0"]
[WhiteElo "1930"]
[BlackElo "2023"]
[PlyCount "145"]
[EventDate "2019.03.16"]
[WhiteTeam "Manchester Manticores 3"]
[BlackTeam "Spirit of Atticus B"]

1. e4 c5 2. Nf3 e6 3. c3 d5 4. exd5 exd5 5. Bb5+ Bd7 6. Bxd7+ Nxd7 7. O-O Ngf6
8. Re1+ Be7 9. Qe2 Kf8 10. d4 Bd6 11. Bg5 Qc7 12. Na3 a6 13. Nc2 Re8 14. Qd3
Ne4 15. dxc5 Bxc5 16. Bh4 Ndf6 17. Ne3 Bxe3 18. Rxe3 Qc6 19. Bxf6 Nxf6 20.
Rxe8+ Qxe8 21. Re1 Qc6 22. Ne5 Qc7 23. Qd4 h5 24. Qf4 Kg8 25. Ng6 Qxf4 26. Nxf4
Kh7 27. Re7 Re8 28. Rxe8 Nxe8 29. Nxd5 Kg6 30. Kf1 Nd6 31. Ke2 Kf5 32. Kd3 Ke5
33. Ne3 Ke6 34. a4 f5 35. f3 g5 36. Nc4 Nf7 37. Kd4 g4 38. f4 b5 39. axb5 axb5
40. Na3 Nd6 41. b3 h4 42. c4 h3 43. gxh3 bxc4 44. bxc4 gxh3 45. Nb5 Ne4 46. Ke3
Nf6 47. Nd4+ Kd6 48. Nf3 Ne4 49. Ng5 Nf6 50. Nxh3 Kc5 51. Kd3 Ng4 52. Ng5 Nxh2
53. Ne6+ Kd6 54. Nd4 Ng4 55. Nxf5+ Kc5 56. Ne3 Nf2+ 57. Ke2 Ne4 58. Kf3 Nf6 59.
Ng4 Ne8 60. Ne5 Kd4 61. Kg4 Nd6 62. Kg5 Ne4+ 63. Kf5 Nc5 64. Kf6 Ne4+ 65. Ke6
Nc5+ 66. Kd6 Ne4+ 67. Kc6 Ng3 68. c5 Ne2 69. Ng6 Ke4 70. Kd7 Nd4 71. c6 Nb5 72.
c7 Na7 73. Ke6 1-0

[Event "4NCL Division 3 North"]
[Site "Doncaster, ENG"]
[Date "2019.03.16"]
[Round "7.52"]
[White "Bimpson, Tom"]
[Black "McQuillan, Stephen G"]
[Result "0-1"]
[WhiteElo "1984"]
[BlackElo "1960"]
[PlyCount "66"]
[EventDate "2019.03.16"]
[WhiteTeam "Spirit of Atticus B"]
[BlackTeam "Manchester Manticores 3"]

1. e4 e5 2. d3 d5 3. Nd2 Nf6 4. Ngf3 Nc6 5. g3 dxe4 6. dxe4 Bg4 7. h3 Bh5 8.
Bg2 Bc5 9. O-O Qe7 10. c3 O-O 11. Qc2 a5 12. Nc4 Bxf3 13. Bxf3 Qe6 14. Ne3 Qxh3
15. Bg2 Qh5 16. Qd1 Rad8 17. Qxh5 Nxh5 18. Kh2 Nf6 19. Nd5 Nxd5 20. exd5 Ne7
21. c4 Nf5 22. Bd2 b6 23. a3 Bd4 24. Rab1 Nd6 25. b3 f5 26. Bf3 Rf7 27. Be2 Ne4
28. Be1 f4 29. Bd3 Nc5 30. Be2 f3 31. Bd1 Rd6 32. b4 Rh6+ 33. Kg1 Ne4 0-1

[Event "4NCL Division 3 North"]
[Site "Doncaster, ENG"]
[Date "2019.03.16"]
[Round "7.53"]
[White "Potter, Steven"]
[Black "Cooper, John G"]
[Result "1/2-1/2"]
[WhiteElo "1877"]
[BlackElo "1937"]
[PlyCount "98"]
[EventDate "2019.03.16"]
[WhiteTeam "Manchester Manticores 3"]
[BlackTeam "Spirit of Atticus B"]

1. d4 d6 2. Bg5 h6 3. Bh4 g5 4. Bg3 Nf6 5. e3 c5 6. c3 Qb6 7. Qc1 Bf5 8. Nd2
Nbd7 9. Ngf3 Bg7 10. Be2 Rc8 11. Nc4 Qc7 12. O-O Ne4 13. Nfd2 Nxg3 14. fxg3 Bg6
15. Qd1 b5 16. Na3 a6 17. Bh5 O-O 18. Bxg6 fxg6 19. Qg4 Nf6 20. Qe6+ Kh7 21. d5
Rcd8 22. Nc2 Qd7 23. Qxd7 Nxd7 24. Rxf8 Rxf8 25. a4 b4 26. Ne4 bxc3 27. Nxc3
Rb8 28. Ra2 Ne5 29. a5 Nc4 30. Na4 Rb3 31. Kf2 Nxb2 32. Nxb2 Rxb2 33. Rxb2 Bxb2
34. Ke2 Bc3 35. Kd3 Bxa5 36. e4 Kg7 37. Ne3 Kf6 38. Nc4 Bb4 39. g4 a5 40. Nb6
e6 41. Nc4 exd5 42. exd5 Ke7 43. Kc2 a4 44. Nb6 a3 45. Kb3 Kf6 46. Nd7+ Ke7 47.
Nb6 Kd8 48. Nc4 Kc7 49. Ka2 Kd7 1/2-1/2

[Event "4NCL Division 3 North"]
[Site "Doncaster, ENG"]
[Date "2019.03.16"]
[Round "7.54"]
[White "Johnson, Michael D"]
[Black "Taylor, Mark"]
[Result "1/2-1/2"]
[WhiteElo "1951"]
[BlackElo "1855"]
[PlyCount "100"]
[EventDate "2019.03.16"]
[WhiteTeam "Spirit of Atticus B"]
[BlackTeam "Manchester Manticores 3"]

1. Nf3 Nf6 2. g3 g6 3. Bg2 Bg7 4. O-O O-O 5. d4 c5 6. c4 cxd4 7. Nxd4 d5 8.
cxd5 Nxd5 9. Nb5 e6 10. N1c3 a6 11. Nxd5 exd5 12. Nd4 b6 13. Bf4 Bb7 14. Rc1
Re8 15. Bxb8 Qxb8 16. e3 Qd6 17. Qd2 Rac8 18. Bf3 Rxc1 19. Rxc1 Re7 20. b3 Rd7
21. Rc2 Bf6 22. Bg4 Rc7 23. Rxc7 Qxc7 24. Qc2 Qc5 25. Qd2 Kg7 26. Ne2 g5 27.
Bf3 Bc6 28. Qd3 Bb5 29. Qf5 d4 30. Be4 Qxf5 31. Bxf5 d3 32. Nd4 Bxd4 33. exd4
d2 34. Bg4 Bd3 35. Bd1 Kf6 36. f3 Ke6 37. Kf2 Kd5 38. Ke3 Bb1 39. a3 f5 40. f4
g4 41. a4 b5 42. axb5 axb5 43. b4 Kc4 44. Kxd2 Kxb4 45. Be2 Ba2 46. Bd3 Be6 47.
Kc2 Bb3+ 48. Kb2 Be6 49. Bb1 h6 50. Bd3 Bd7 1/2-1/2

[Event "4NCL Division 3 North"]
[Site "Doncaster, ENG"]
[Date "2019.03.16"]
[Round "7.55"]
[White "Lonsdale, Jon I"]
[Black "Mort, Andrew J"]
[Result "1/2-1/2"]
[WhiteElo "1832"]
[BlackElo "1803"]
[PlyCount "37"]
[EventDate "2019.03.16"]
[WhiteTeam "Manchester Manticores 3"]
[BlackTeam "Spirit of Atticus B"]

1. e4 c6 2. d4 d5 3. exd5 cxd5 4. c4 Nf6 5. Nc3 e6 6. Nf3 Be7 7. Bd3 O-O 8. O-O
dxc4 9. Bxc4 Nc6 10. a3 b6 11. Be3 Bb7 12. Qe2 Rc8 13. Rac1 Qc7 14. d5 exd5 15.
Nxd5 Nxd5 16. Bxd5 Bd6 17. Qb5 Qd7 18. Rc3 Bc5 19. Bb3 1/2-1/2

[Event "4NCL Division 3 North"]
[Site "Doncaster, ENG"]
[Date "2019.03.16"]
[Round "7.56"]
[White "Bromley, Graham J"]
[Black "Livesey, R Nigel"]
[Result "1/2-1/2"]
[WhiteElo "1787"]
[BlackElo "1825"]
[PlyCount "61"]
[EventDate "2019.03.16"]
[WhiteTeam "Spirit of Atticus B"]
[BlackTeam "Manchester Manticores 3"]

1. e4 c6 2. d4 d5 3. Nc3 b5 4. exd5 b4 5. Ne4 Qxd5 6. Bd3 Bf5 7. Qf3 Bg6 8. Be3
Nf6 9. Nxf6+ gxf6 10. Bxg6 hxg6 11. Qxd5 cxd5 12. Nf3 Nd7 13. O-O e6 14. Rfc1
Rc8 15. c3 bxc3 16. Rxc3 Rxc3 17. bxc3 Bd6 18. Rb1 Ke7 19. Rb7 Rb8 20. Rxb8
Bxb8 21. Kf1 Nb6 22. Ke2 Bc7 23. Kd3 Nc4 24. Bc1 e5 25. dxe5 fxe5 26. Nd2 Nxd2
27. Bxd2 Ke6 28. h3 f5 29. g3 Ba5 30. Be3 a6 31. h4 1/2-1/2